Normal view
MARC view
- The windsor Tapestry
Entry Topical Term
001 - CONTROL NUMBER
- control field: 108559
003 - CONTROL NUMBER IDENTIFIER
- control field: NUST
005 - DATE AND TIME OF LATEST TRANSACTION
- control field: 20230202144004.0
008 - FIXED-LENGTH DATA ELEMENTS
- fixed length control field: 230202|| aca||aabn | a|a d
040 ## - CATALOGING SOURCE
- Original cataloging agency: NUST
- Transcribing agency: NUST
150 ## - HEADING--TOPICAL TERM
- Topical term or geographic name entry element: The windsor Tapestry
670 ## - SOURCE DATA FOUND
- Source citation: Work cat.: (NUST)186972: Compaton Mackenzie 108558, The Windsor Tapestry / , 1938
